000
00279nam a22001217a 4500
008
181226b xxu||||| |||| 00| 0 eng d
041
_a
eng
080
_a
616.12
100
_a
7
101
_a
KAR
245
_a
Thoracic And Cardiovascular Surgery
_c
Glenm.L
942
_2
udc
_c
BK
999
_c
53797
_d
53797